000
00314nam a2200133Ia 4500
008
220204s9999 xx 000 0 und d
082
_a
552.5
_b
PET
100
_a
PETTOJOHM, F J
245
0
_a
Sedimentary rocks.
250
_a
Ed.2
260
_a
Calcutta
_b
Oxford
_c
1957
650
_a
Sedimentary rocks
942
_c
BK
999
_c
20911
_d
20911